| 000 | 01125cam a2200325 i 4500 | ||
|---|---|---|---|
| 001 | 75606 | ||
| 003 | BD-RjUL | ||
| 005 | 20211209082721.0 | ||
| 008 | 190430t1976 ne a b 001 0 eng | ||
| 020 | _a0444110453 (American Elsevier) | ||
| 035 | _a(BD-RjUL)75824 | ||
| 040 |
_aDLC _cDLC _dDLC _beng |
||
| 041 | _aeng | ||
| 043 | _aa-ph--- | ||
| 082 | 0 | 0 |
_a338.50151 _223 _bROR 1976 |
| 100 | 1 |
_aRoumasset, James A. _9231401 |
|
| 245 | 1 | 0 |
_aRice and risk : _bdecision-making among low-income farmers / _cJames A. Roumasset. |
| 260 |
_aAmsterdam ; _aNew York : _bsole distributors for the U.S.A. and Canada, American Elsevier Pub. Co., _c[1976] |
||
| 300 |
_axxi, 251 p. : _bill. ; _c23 cm. |
||
| 500 | _aIncludes indexes. | ||
| 504 | _aBibliography: p. 235-245. | ||
| 650 | 0 |
_aRisk _vMathematical models _9231403 |
|
| 650 | 0 |
_aRice _xFertilizers. _9231404 |
|
| 650 | 0 |
_aDecision making _xMathematical models. _9231405 |
|
| 906 |
_a7 _bcbc _corignew _d1 _eocip _f19 _gy-gencatlg |
||
| 942 |
_2ddc _cBK |
||
| 999 |
_c75606 _d75606 |
||